<?xml version="1.0" encoding="UTF-8"?>
<collection xmlns:xsi="http://www.w3.org/2001/XMLSchema-instance" xsi:schemaLocation="http://www.loc.gov/MARC21/slim http://www.loc.gov/standards/marcxml/schema/MARC21slim.xsd" xmlns="http://www.loc.gov/MARC21/slim">
 <record>
  <leader>00000nam a2200000 a 4500</leader>
  <controlfield tag="001">UP-8027390931311555042</controlfield>
  <controlfield tag="003">Buklod</controlfield>
  <controlfield tag="005">20250205153314.0</controlfield>
  <controlfield tag="006">m    |o  d |      </controlfield>
  <controlfield tag="007">cr |||||||||||</controlfield>
  <controlfield tag="008">250205s2010    enk        u        eng  </controlfield>
  <datafield tag="020" ind1=" " ind2=" ">
   <subfield code="a">9781848441132 (eBook)</subfield>
  </datafield>
  <datafield tag="020" ind1=" " ind2=" ">
   <subfield code="a">1848441134 (eBook)</subfield>
  </datafield>
  <datafield tag="035" ind1=" " ind2=" ">
   <subfield code="a">15978871</subfield>
  </datafield>
  <datafield tag="040" ind1=" " ind2=" ">
   <subfield code="a">DLC</subfield>
   <subfield code="d">DLAW</subfield>
   <subfield code="e">rda</subfield>
  </datafield>
  <datafield tag="041" ind1="0" ind2=" ">
   <subfield code="a">eng</subfield>
  </datafield>
  <datafield tag="082" ind1="0" ind2="4">
   <subfield code="a">341</subfield>
   <subfield code="2">22</subfield>
  </datafield>
  <datafield tag="084" ind1=" " ind2=" ">
   <subfield code="a">KZ 1252 </subfield>
   <subfield code="b">I583 2010eb</subfield>
  </datafield>
  <datafield tag="245" ind1="0" ind2="0">
   <subfield code="a">International economic law, globalization and developing countries</subfield>
   <subfield code="c">edited by Julio Faundez, Celine Tan.</subfield>
   <subfield code="h">Electronic resource.</subfield>
  </datafield>
  <datafield tag="264" ind1=" " ind2="1">
   <subfield code="c">Cheltenham, UK</subfield>
   <subfield code="a">Northampton, Mass.</subfield>
   <subfield code="b">Edward Elgar</subfield>
   <subfield code="c">c2010.</subfield>
  </datafield>
  <datafield tag="300" ind1=" " ind2=" ">
   <subfield code="a">1 online resource (ix, 504 p.)</subfield>
   <subfield code="c">24 cm.</subfield>
  </datafield>
  <datafield tag="504" ind1=" " ind2=" ">
   <subfield code="a">Includes bibliographical references (p. 411-482) and index.</subfield>
  </datafield>
  <datafield tag="505" ind1="0" ind2=" ">
   <subfield code="g">Introduction</subfield>
   <subfield code="r">Julio Faundez and Celine Tan --</subfield>
   <subfield code="t">International economic law and development : before and after neo-liberalism</subfield>
   <subfield code="r">Julio Faundez --</subfield>
   <subfield code="t">Multilateral disciplines and the question of policy space</subfield>
   <subfield code="r">Yilmaz Akyüz --</subfield>
   <subfield code="t">Assessing international financial reform</subfield>
   <subfield code="r">Daniel Bradlow --</subfield>
   <subfield code="t">Crisis and opportunity : emerging economies and the Financial Stability Board</subfield>
   <subfield code="r">Enrique R. Carrasco --</subfield>
   <subfield code="t">The new disciplinary framework : conditionality, new aid architecture and global economic governance</subfield>
   <subfield code="r">Celine Tan --</subfield>
   <subfield code="t">Taxing constraints on developing countries and the global economic recession</subfield>
   <subfield code="r">David Salter --</subfield>
   <subfield code="t">The World Trade Organization and the turbulent legacy of international economic law-making in the long twentieth century</subfield>
   <subfield code="r">Fiona Macmillan --</subfield>
   <subfield code="t">Holistic approaches to development and international investment law : the role of international investment agreements</subfield>
   <subfield code="r">Peter Muchlinski --</subfield>
   <subfield code="t">Human rights and transnational corporations : establishing meaningful international obligations</subfield>
   <subfield code="r">James Harrison --</subfield>
   <subfield code="t">Core labour standards conditionalities : a means by which to achieve sustainable development?</subfield>
   <subfield code="r">Tonia Novitz --</subfield>
   <subfield code="t">Developing countries and international competition law and policy</subfield>
   <subfield code="r">Kathryn McMahon --</subfield>
   <subfield code="t">Does the globalization of anti-corruption law help developing countries?</subfield>
   <subfield code="r">Kevin E. Davis --</subfield>
   <subfield code="t">Intellectual property, development concerns and developing countries</subfield>
   <subfield code="r">Pedro Roffe --</subfield>
   <subfield code="t">Biotechnology and the international regulation of food and fuel security in developing countries</subfield>
   <subfield code="r">Mary E. Footer --</subfield>
   <subfield code="t">Environment and development - the mission link</subfield>
   <subfield code="r">Philippe Cullet --</subfield>
   <subfield code="t">The UN Climate Change Convention and developing countries : towards effective implementation</subfield>
   <subfield code="r">Vicente Paolo B. Yu III.</subfield>
  </datafield>
  <datafield tag="650" ind1=" " ind2="0">
   <subfield code="a">Law and globalization.</subfield>
   <subfield code="a">Electronic book.</subfield>
  </datafield>
  <datafield tag="650" ind1=" " ind2="0">
   <subfield code="a">Globalization</subfield>
   <subfield code="z">Developing countries.</subfield>
  </datafield>
  <datafield tag="650" ind1=" " ind2="0">
   <subfield code="a">International law</subfield>
   <subfield code="x">Economic aspects.</subfield>
  </datafield>
  <datafield tag="650" ind1=" " ind2="0">
   <subfield code="a">Law</subfield>
   <subfield code="z">Developing countries.</subfield>
  </datafield>
  <datafield tag="700" ind1="1" ind2=" ">
   <subfield code="f">Faúndez, Julio.</subfield>
  </datafield>
  <datafield tag="700" ind1="1" ind2=" ">
   <subfield code="t">Tan, Celine.</subfield>
  </datafield>
  <datafield tag="856" ind1="4" ind2="0">
   <subfield code="t">Table of contents only</subfield>
   <subfield code="u">http://www.loc.gov/catdir/toc/fy13pdf01/2009941140.html</subfield>
   <subfield code="y">Open Athens</subfield>
   <subfield code="z">Available to all UP Students (Open Athens)</subfield>
   <subfield code="3">University of the Philippines, College of Law</subfield>
  </datafield>
  <datafield tag="905" ind1=" " ind2=" ">
   <subfield code="a">FO</subfield>
  </datafield>
  <datafield tag="852" ind1="0" ind2=" ">
   <subfield code="a">UPD</subfield>
   <subfield code="b">BGC-LL</subfield>
   <subfield code="h">KZ 1252</subfield>
   <subfield code="i">I583 2010</subfield>
  </datafield>
  <datafield tag="942" ind1=" " ind2=" ">
   <subfield code="a">Electronic Resource</subfield>
  </datafield>
 </record>
</collection>
